Central Library OPAC University of Rajshahi

The Oxford history of medieval Europe / (Record no. 24850)

MARC details
000 -LEADER
fixed length control field 01116cam a2200313 a 4500
001 - CONTROL NUMBER
control field 24850
003 - CONTROL NUMBER IDENTIFIER
rucl marc code BD-RjUL
005 - DATE AND TIME OF LATEST TRANSACTION
control field 20211209001115.0
008 - FIXED-LENGTH DATA ELEMENTS--GENERAL INFORMATION
fixed length control field 140315s1992 enkab b 001 0 eng
020 ## - INTERNATIONAL STANDARD BOOK NUMBER
International Standard Book Number 0192852728 :
035 ## - SYSTEM CONTROL NUMBER
System control number (BD-RjUL)24919
040 ## - CATALOGING SOURCE
Original cataloging agency DLC
Transcribing agency DLC
Modifying agency DLC
Language of cataloging eng
041 ## - LANGUAGE CODE
Language code of text/sound track or separate title eng
082 00 - DEWEY DECIMAL CLASSIFICATION NUMBER
Classification number 940.1
Edition number 20
Author mark and year OXF 1992
245 04 - TITLE STATEMENT
Title The Oxford history of medieval Europe /
Statement of responsibility, etc. edited by George Holmes.
260 ## - PUBLICATION, DISTRIBUTION, ETC. (IMPRINT)
Place of publication, distribution, etc. Oxford ;
-- New York :
Name of publisher, distributor, etc. Oxford University Press,
Date of publication, distribution, etc. 1992.
300 ## - PHYSICAL DESCRIPTION
Pagination x, 395 p. :
Illustrations ill., maps ;
Size 20 cm.
500 ## - GENERAL NOTE
General note Abridged ed. of: The Oxford illustrated history of medieval Europe.
504 ## - BIBLIOGRAPHY, ETC. NOTE
Bibliography, etc Includes bibliographical references (p. [330]-340) and index.
650 #0 - SUBJECT ADDED ENTRY--TOPICAL TERM
Topical term or geographic name as entry element Civilization, Medieval.
9 (RLIN) 76489
Topical term or geographic name as entry element Middle Ages.
9 (RLIN) 76490
651 #0 - SUBJECT ADDED ENTRY--GEOGRAPHIC NAME
Geographic name Europe
General subdivision History
Chronological subdivision 476-1492.
9 (RLIN) 74533
700 1# - ADDED ENTRY--PERSONAL NAME
Personal name Holmes, George,
Dates associated with a name 1927-
856 42 - ELECTRONIC LOCATION AND ACCESS
Materials specified Publisher description
Uniform Resource Identifier <a href="http://www.loc.gov/catdir/enhancements/fy0636/91043488-d.html">http://www.loc.gov/catdir/enhancements/fy0636/91043488-d.html</a>
942 ## - ADDED ENTRY ELEMENTS (KOHA)
Source of classification or shelving scheme Dewey Decimal Classification
Koha item type Books
Holdings
Lost status Source of classification or shelving scheme Damaged status Not for loan Collection code Permanent Location Current Location Shelving location Date acquired Source of acquisition Cost, normal purchase price Total Checkouts Full call number Date last seen Copy number Koha item type
  Dewey Decimal Classification   Added to bundle Non-fiction Central Library, University of Rajshahi Central Library, University of Rajshahi Reading Room 02/11/1998 Alighar Lib., Rajshahi 8.99   940.1 OXF 1992 15/03/2014 C-1 Books